| 000 | 01368nam a2200313 a 4500 | ||
|---|---|---|---|
| 003 | TR-IsYBT | ||
| 005 | 20220817220000.0 | ||
| 007 | t | ||
| 008 | 211228s2021$$$$ge#$r28501###$$$$#285285eng u | ||
| 020 |
_a9783948440244 _cTL552,64 |
||
| 040 |
_btur _erda _c |
||
| 041 | 0 | _aeng | |
| 044 | _cge | ||
| 090 | 1 | 0 |
_a686.22 _bY320 2021 |
| 245 | 0 | _aYearbook of type 2021/22. | |
| 250 | _a5. ed. | ||
| 264 | 1 |
_a[Germany] : _bSlanted Publishers, _c2021. |
|
| 300 |
_a458 s. ; _cşkl. ; _c24 cm. |
||
| 336 |
_ametin _btxt _2rdacontent |
||
| 337 |
_aaracısız _bn _2rdamedia |
||
| 338 |
_acilt _bnc _2rdacarrier |
||
| 500 | _aİndeks. | ||
| 505 |
_aIntroduction by Veronika Burian P. 5 _x _xA Essays & Tutorials P. 7 _xDesign of Diacritical Marks by Murat Çil P. 8 _xZoom in, Zoom Out-Type Design at ECAL/University of Art and Design Lausanne By Matthieu Cortat P1 14 _xTypeface! Cllassification? By Eva Kubinyi P. 18 _x _xB Typefaces P. 23 _x _xC Index Typefacez P. 409 _x _xD Index Designers P.431 _x _xE Index Foundries P. 447 _x _xF ındex OpenType Features P. 455 _x _xG Imprint P. 463 _x _x |
||
| 650 | 0 | _aGrafik tasarım (Tipografi) | |
| 856 | 4 | 0 | _uhttps://library.dogus.edu.tr/yordam/?p=1&alan=kunyeDemirbasKN_str&q=0054969 |
| 902 | _a0054969 | ||
| 947 |
_a119862045 _b35900815 _c105 _d669 _eDogus Universitesi Kutuphanesi _fDogus - Merkez _g2022-04-25 10:28:54 |
||
| 999 |
_c200449468 _d67680 |
||